LEADER 00895nam a2200241 i 4500 001 000000165099 003 CaOOAMICUS 005 20230117150652.0 008 071009s1969 it u000 u ita u 040 $aSeMil$bita 100 1 $aTroyat, Henri,$d<1911-2007>.$0(OLS)http://semarc/name/8300 240 14$aLes eygletière.$0(OLS)http://semarc/title/235621 245 10$aAmori sbagliati /$cHenri Troyat. 264 1$aMilano :$bRizzoli,$c1969. 300 $a300 p. ;$c23 cm. 490 1 $aRomanzi italiani e stranieri 830 0$aRomanzi italiani e stranieri.$0(OLS)http://semarc/title/24380 850 $aSeMil 852 $aSeMil$W1$xVenegono$y1$m1U V 86$j236483$B116297$CSeMilBibl$Z2$F127221 $81 961 $aRecupero: Altro 996 $6245$aAmori sbagliati$9(OLS)http://semarc/title/235620 996 $6264$aMilano :$bRizzoli$9(OLS)http://semarc/publisher/29824 LEADER 00836nam a2200229 i 4500 001 000000166087 003 CaOOAMICUS 005 20071106000000.0 008 071106s1971 it u000 u ita u 013 $a143455 040 $aSeMil$bita 100 1 $aCeccherini, Silvano.$0(OLS)http://semarc/name/62618 245 12$aL'avventuriero di Dio /$cSilvano Ceccherini. 260 $aMilano :$bRizzoli,$c1971. 300 $a231 p. ;$c23 cm. 490 0 $aRomanzi italiani e stranieri 830 0$aRomanzi italiani e stranieri.$0(OLS)http://semarc/title/24380 850 $aSeMil 852 $aSeMil$W1$xVenegono$y1$m1B IV 223$j248658$B117258$CSeMilBibl$Z2$F128057 $81 961 $aRecupero: Altro 996 $6245$aL'avventuriero di Dio$9(OLS)http://semarc/title/237202 996 $6260$aMilano :$bRizzoli$9(OLS)http://semarc/publisher/29824